Catálogo
 En Linea

Los algarrobos también sueñan / (Registro nro. 54012)

Detalles MARC
000 -CABECERA
campo de control de longitud fija 01899nam a2200361 i 4500
003 - IDENTIFICADOR DEL NÚMERO DE CONTROL
campo de control DO-SdBNP
005 - FECHA Y HORA DE LA ÚLTIMA TRANSACCIÓN
campo de control 20260211140906.0
007 - CAMPO FIJO DE DESCRIPCIÓN FÍSICA--INFORMACIÓN GENERAL
campo de control de longitud fija ta
008 - DATOS DE LONGITUD FIJA--INFORMACIÓN GENERAL
campo de control de longitud fija 230629b1978 dr a|||| |||| 00| 0 spa d
040 ## - FUENTE DE LA CATALOGACIÓN
Centro catalogador/agencia de origen DO-SdBNP
Lengua de catalogación spa
Centro/agencia transcriptor BNPHU
Normas de descripción rda
041 ## - CÓDIGO DE LENGUA
Código de lengua del texto/banda sonora o título independiente spa
082 #4 - NÚMERO DE LA CLASIFICACIÓN DECIMAL DEWEY
Número de clasificación RD863.44
Número de documento/Ítem D542a 1978
Número de edición 22
100 1# - ENTRADA PRINCIPAL--NOMBRE DE PERSONA
Nombre de persona Díaz Grullón, Virgilio,
Fechas asociadas al nombre 1924-2001
Término indicativo de función/relación autor
Código de función/relación aut.
9 (RLIN) 501
245 14 - MENCIÓN DE TÍTULO
Título Los algarrobos también sueñan /
Mención de responsabilidad, etc. Virgilio Díaz Grullón ; prólogo, María del Carmen P. de Rivera ; ilustraciones, Fernando Ureña Rib.
250 ## - MENCIÓN DE EDICIÓN
Mención de edición Segunda edición
264 #1 - PRODUCCIÓN, PUBLICACIÓN, DISTRIBUCIÓN, FABRICACIÓN Y COPYRIGHT
Producción, publicación, distribución, fabricación y copyright Santo Domingo :
Nombre del de productor, editor, distribuidor, fabricante Ediciones de Taller,
Fecha de producción, publicación, distribución, fabricación o copyright 1978.
300 ## - DESCRIPCIÓN FÍSICA
Extensión 93 páginas :
Otras características físicas ilustraciones ;
Dimensiones 21 cm.
336 ## - TIPO DE CONTENIDO
Término de tipo de contenido texto
Código de tipo de contenido txt
Fuente rdacontent
337 ## - TIPO DE MEDIO
Nombre/término del tipo de medio sin mediación
Código del tipo de medio n
Fuente rdamedia
338 ## - TIPO DE SOPORTE
Nombre/término del tipo de soporte volumen
Código del tipo de soporte nc
Fuente rdacarrier
490 0# - MENCIÓN DE SERIE
Mención de serie Colección Biblioteca Taller
Designación de volumen o secuencia 78
505 2# - NOTA DE CONTENIDO CON FORMATO
Nota de contenido con formato Apuntes sobre un narrador dominicano /
Mención de responsabilidad María del Carmen Prosdocimi de Rivera --
Título Los algarrobos también sueñan--
-- cinco años de histéricas arengas --
-- Así, cuando las hojas más altas --
-- En la ruta de su inexorable descenso --
-- Mientras otra rama del árbol --
-- Tan pronto la fuerza de la gravedad --
-- En el preciso instante en que una de sus piernas --
-- Al tiempo que su frente quebraba --
-- La velocidad de la caída aumentó --
-- En la etapa final de su largo viaje --
-- Al momento de disparar.
586 ## - NOTA DE PREMIOS
Nota de premios Premio Nacional Novela 1977
590 ## - NOTA LOCAL (RLIN)
Nota local Inventariado, 2023/BT
600 14 - PUNTO DE ACCESO ADICIONAL DE MATERIA--NOMBRE DE PERSONA
Nombre de persona Díaz Grullón, Virgilio,
Fechas asociadas al nombre 1924-2001
Subdivisión general Crítica e interpretación
9 (RLIN) 28780
650 #7 - PUNTO DE ACCESO ADICIONAL DE MATERIA--TÉRMINO DE MATERIA
Término de materia o nombre geográfico como elemento de entrada Novela histórica dominicana.
9 (RLIN) 860
650 #4 - PUNTO DE ACCESO ADICIONAL DE MATERIA--TÉRMINO DE MATERIA
Término de materia o nombre geográfico como elemento de entrada Literatura dominicana.
9 (RLIN) 67
651 #4 - PUNTO DE ACCESO ADICIONAL DE MATERIA--NOMBRE GEOGRÁFICO
Nombre geográfico República Dominicana
Subdivisión general Historia
-- Novela
9 (RLIN) 10015
700 1# - PUNTO DE ACCESO ADICIONAL--NOMBRE DE PERSONA
Nombre de persona María del Carmen, P. Rivera de,
Término indicativo de función/relación prologuista
Código de función/relación pr.
9 (RLIN) 28818
700 1# - PUNTO DE ACCESO ADICIONAL--NOMBRE DE PERSONA
Nombre de persona Ureña Rib, Fernando,
Fechas asociadas al nombre 1951-
Término indicativo de función/relación ilustrador
Código de función/relación il.
9 (RLIN) 30237
910 ## - DATOS DE OPCIÓN DEL USUARIO (OCLC)
Datos de opción del usuario Btavárez/Validado. Control de calidad MFF
942 ## - ELEMENTOS DE PUNTO DE ACCESO ADICIONAL (KOHA)
Fuente del sistema de clasificación o colocación Dewey Decimal Classification
Tipo de ítem Koha Libro
Existencias
Estado de retiro Estado de pérdida Fuente del sistema de clasificación o colocación Restricciones de uso No para préstamo Código de colección Localización permanente Ubicación/localización actual Ubicación en estantería Fecha de adquisición Total de préstamos Signatura topográfica completa Código de barras Fecha visto por última vez Precio válido a partir de Tipo de ítem Koha
    Dewey Decimal Classification Excluido de préstamo   Patrimonio Dominicano Biblioteca Nacional Pedro Henríquez Ureña Biblioteca Nacional Pedro Henríquez Ureña Depósito 29.06.2023   BNPHU PD RD863.44 D542a 1978 2023-2899 29.06.2023 29.06.2023 Libro

Con tecnología Koha